000
00234nam a2200085Ia 4500
008
170620s9999 xx 000 0 und d
100
_a
Mishra- R. C.
245
0
_a
Exploring Educational Research
260
_b
New Delhi- A.P.H. Publishing corporation
260
_c
2004
999
_c
24358
_d
24358